[Event "Lichtenrader Herbst 2018"]
[Site "Berlin"]
[Date "2018.10.29"]
[Round "3"]
[White "Bruedigam, Martin"]
[Black "Lachmann, Utz"]
[Result "1-0"]
[WhiteElo "2392"]
[BlackElo "2191"]
[Annotator "TA"]
[PlyCount "153"]
[EventDate "2018.10.27"]
[EventType "swiss"]
[EventCountry "GER"]
[SourceTitle "playchess.com"]
[Source "ChessBase"]
[SourceQuality "1"]

{[%evp 21,153,25,31,22,34,15,14,0,2,0,0,-13,-10,-10,-13,-17,23,9,43,35,40,29,39,36,37,27,29,25,39,13,36,31,42,46,58,45,57,50,56,38,57,60,62,45,51,32,38,32,32,32,32,32,83,31,31,31,89,31,31,31,31,31,31,31,31,31,31,31,31,31,31,31,31,18,18,18,18,18,18,18,18,18,18,0,18,18,18,18,18,0,18,18,18,18,18,18,18,0,0,0,0,0,0,0,0,0,0,0,0,0,0,0,0,0,0,0,0,0,0,0,29980,29981,29983,29984,29985,29986,29985,29986,29987,29988,29988,29989,29989,29990]} 1. e4 c6 2. d4 d5 3. exd5 cxd5 4. Bd3 Nc6 5. c3 Nf6 6. h3 e5 7. dxe5 Nxe5 8. Nf3 Bd6 {B13: Caro-Kann: Exchange Variation and Panov-Botvinnik Attack} 9. Nxe5 Bxe5 10. O-O O-O 11. Nd2 Bc7 {LiveBook: 3 Games} 12. Re1 Qd6 13. Nf1 $146 ({Predecessor:} 13. Nf3 Bd7 14. Ne5 Rfe8 15. Bf4 Ne4 16. Bxe4 dxe4 17. Rxe4 Qxd1+ 18. Rxd1 {1-0 (51) Lupulescu,C (2592)-Nemes,S (2254) Baile Olanesti 2010}) 13... Bd7 14. Bg5 Bc6 15. Be3 Rfe8 16. Bd4 Rxe1 17. Qxe1 Re8 18. Qd1 Qf4 19. Qd2 a6 (19... Qh4 {looks sharper.} 20. Re1 Ne4 21. Qd1 Qd8 22. Bc2 a6) 20. Qxf4 Bxf4 21. g3 Be5 22. Bxe5 Rxe5 23. Ne3 Kf8 24. Rd1 g6 25. h4 h5 26. Nc2 a5 27. f3 Nd7 28. Kf2 Nc5 29. Nd4 Re7 30. Rd2 Ne6 31. Nxe6+ Rxe6 $14 {[%mdl 4096] Endgame KRB-KRB} 32. Bf1 Ke7 33. Bh3 f5 34. Re2 Bb5 35. Rxe6+ Kxe6 {KB-KB} 36. Ke3 a4 (36... Ke5 $1 $14) 37. b3 (37. g4 $16) 37... axb3 38. axb3 b6 ({Better is} 38... Ke5 $14) 39. Kd4 (39. Bg2 $16) 39... Be2 40. Bg2 {[#] Threatens to win with f4.} Bd1 41. b4 Be2 42. Ke3 Bc4 43. Kf4 Kf6 44. Bh3 Be2 45. Ke3 Bc4 46. Kd4 Ke6 47. g4 hxg4 48. fxg4 fxg4 49. Bxg4+ Kf6 50. Bd7 Bb3 51. Be8 Bc4 52. Bd7 Ke7 53. Bc6 Ke6 54. Bb7 Kd6 55. Ba8 Ke6 56. Bc6 Bb3 57. Be8 Kf6 58. Bb5 Ke6 59. c4 (59. Bd3 {with more complications.} Kf6 60. Bb1 Bc4 61. Bc2 Ba2 62. Ke3) 59... dxc4 60. Bxc4+ Bxc4 61. Kxc4 $11 {Kb5 is the strong threat. KPP-KPP} Kd6 62. Kd4 Ke6 63. Ke4 b5 64. Kd4 {Black must now prevent Kc5.} Kd6 65. Ke4 Ke6 66. Kf4 Kf6 67. Kg4 Kf7 68. Kf3 Kf6 69. Kf4 Ke6 70. Ke4 Kd6 $2 {[%mdl 8192] [#]} (70... Kf6 $11) 71. Kd4 $1 {White mates.} Ke6 72. Kc5 Kf5 73. Kxb5 Kg4 74. Kc4 Kxh4 75. b5 {[%cal Bb4b5,Bb5b6,Bb6b7][%mdl 32]} g5 76. b6 g4 77. b7 {Precision: White = 61%, Black = 64%.} 1-0

[Event "Lichtenrader Herbst 2018"]
[Site "Berlin"]
[Date "2018.10.29"]
[Round "3"]
[White "Juhnke, Juergen"]
[Black "Starostits, Ilmars"]
[Result "0-1"]
[WhiteElo "2228"]
[BlackElo "2454"]
[Annotator "TA"]
[PlyCount "114"]
[EventDate "2018.10.27"]
[EventType "swiss"]
[EventCountry "GER"]
[SourceTitle "playchess.com"]
[Source "ChessBase"]
[SourceQuality "1"]

{[%evp 25,114,-18,13,-29,-26,-30,-20,-10,-15,-139,-73,-81,-68,-86,-62,-83,-95,-100,0,0,0,0,0,0,0,0,0,-16,-8,-10,-8,-61,-16,-93,-71,-73,-68,-99,-50,-80,-75,-99,0,-68,-8,-8,-8,-14,0,-31,-31,-72,-8,-8,-8,-8,-8,-8,-8,-8,-8,-1576,-1552,-2295,-2204,-29976,-29977,-29977,-29978,-29981,-29982,-29984,-29985,-29985,-29986,-29986,-29987,-29987,-29988,-29988,-29989,-29989,-29990,-29990,-29991,-29995,-29991,-29991,-29991,-29995,-29993]} 1. e4 c5 2. Nf3 Nc6 3. d4 cxd4 4. Nxd4 Qb6 5. Nb3 Nf6 6. Nc3 e6 7. Be3 Qc7 8. f4 Bb4 9. Bd3 d5 10. e5 {B33: Sicilian: Pelikan and Sveshnikov Variations} Ne4 11. Bxe4 dxe4 12. O-O Bxc3 13. bxc3 b6 {LiveBook: 3 Games} (13... Ne7 14. Bc5 Nf5 15. Qe1 b6 16. Ba3 Bb7 17. Nd4 Rc8 18. Nxf5 exf5 {1-0 (53) Loginov,V (2486)-Naiditsch,A (2687) Tallinn 2016}) 14. Qg4 O-O 15. Nd2 Ne7 {[%cal Bc6e7,Be7f5,Bf5e3][%mdl 32]} 16. Nxe4 Bb7 17. Nf6+ $146 (17. Nd6 $1 $11) ({Predecessor:} 17. Nd6 Qxc3 {0-1 (37) Kilian,R (2275)-Rosen,W (2280) Ruhrgebiet 1996}) 17... Kh8 $17 {[%mdl 1024] Black has strong compensation.} 18. Nh5 {[%csl Gh5][%cal Rg4g7] [#]} Nf5 19. Bd4 Rfd8 20. Rad1 Qc4 21. Ng3 Rxd4 (21... Nxd4 $17 22. cxd4 Rxd4) 22. cxd4 $11 Ne3 23. Qe2 Qxe2 24. Nxe2 Bxg2 $40 {[%mdl 128] White needs to defend precisely.} 25. Rfe1 $1 {aiming for Rd3.} Nxd1 26. Rxd1 {[%mdl 4096] Endgame KRB-KRN} Bd5 27. Nc3 Rc8 28. Rd3 (28. Nxd5 $11 exd5 29. Rc1) 28... Bb7 29. Re3 (29. d5 $1 $11) 29... g6 30. Kf2 Kg7 31. Ke2 h6 32. h4 Ba6+ 33. Kf3 Bb7+ 34. Ke2 $1 b5 (34... Rd8 $15 35. Kd3 Ba6+ 36. Ke4 Rc8) 35. Kd2 a6 36. Ne2 Bd5 37. Nc3 Rc4 38. Nxd5 Rxd4+ (38... exd5 $17 39. Rd3 b4) 39. Rd3 Rxd5 40. Rxd5 exd5 {KP-KP} 41. Kc3 f6 42. Kd4 fxe5+ 43. Kxe5 $2 {[%mdl 8192] [#]} (43. fxe5 $11 g5 44. hxg5 hxg5 45. Kxd5) 43... d4 $1 $19 {[%mdl 512]} 44. Kxd4 Kf6 45. c4 bxc4 {Black mates.} 46. Kxc4 {K3P-K3P} Kf5 47. Kc5 Kxf4 {K3P-KPP} 48. Kb6 g5 49. hxg5 hxg5 50. Kxa6 {KP-KP} g4 51. a4 g3 52. a5 g2 53. Kb7 g1=Q 54. a6 Qg7+ 55. Kb8 Qf8+ 56. Kb7 Qe7+ 57. Kb8 Qe8+ {Precision: White = 31%, Black = 57%.} 0-1

[Event "Lichtenrader Herbst 2018"]
[Site "Berlin"]
[Date "2018.10.29"]
[Round "3"]
[White "Wierzbicki, Jirawat"]
[Black "Rakotomaharo, Fy Antenaina"]
[Result "1/2-1/2"]
[WhiteElo "2199"]
[BlackElo "2422"]
[Annotator "TA"]
[PlyCount "88"]
[EventDate "2018.10.27"]
[EventType "swiss"]
[EventCountry "GER"]
[SourceTitle "playchess.com"]
[Source "ChessBase"]
[SourceQuality "1"]

{[%evp 15,88,14,12,0,0,0,2,-8,-10,-11,-10,-12,-5,-4,-6,-17,0,-9,-11,-9,-2,-7,0,0,0,0,0,0,0,0,4,0,14,6,4,12,22,1,44,0,0,0,48,28,94,38,48,30,56,66,50,51,56,45,47,9,16,0,60,0,0,0,0,0,0,0,0,0,0,0,0,0,0,0,0]} 1. e4 g6 2. d4 Bg7 3. c3 d6 4. Nf3 Nf6 5. Bd3 O-O 6. O-O Nc6 7. Nbd2 e5 8. h3 a5 {LiveBook: 4 Games. B07: Pirc Defence: Miscellaneous Systems} (8... Nd7 9. Nb3 a5 10. Be3 a4 11. Nbd2 a3 12. b3 exd4 13. Nxd4 Nc5 14. Bc2 Re8 15. Rc1 Bd7 16. Re1 {0-1 (43) Aronian,L (2793)-Vachier Lagrave,M (2796) Leuven 2017}) 9. a4 exd4 $146 ({Predecessor:} 9... Nd7 10. Nb3 h6 11. dxe5 dxe5 12. Nh2 Qe7 13. Ng4 Kh7 14. Ne3 Nf6 15. Qe2 Be6 16. Nc4 {0-1 (32) Kosturska,Y (1849)-Milutinovic,S (1716) Vratsa 2009}) 10. Nxd4 Nd7 11. Nxc6 bxc6 12. Nf3 Ba6 13. Be3 c5 14. Bxa6 Rxa6 15. Nd2 Qb8 16. Qc2 Qb7 17. Rfe1 Raa8 {[%cal Ba6a8,Ba8e8,Be8e6][%mdl 32]} 18. b3 Rae8 19. Rad1 Re6 20. f3 Rb8 21. Rb1 Rbe8 22. Nc4 {[%cal Bd2c4,Bc4a3,Ba3b5][%mdl 32]} Qa8 23. Bf2 c6 24. Qd2 d5 25. exd5 cxd5 {[#] Threatens to win with ...Rxe1+.} 26. Na3 Qc6 27. Nb5 Nb6 28. Rxe6 fxe6 (28... Rxe6 {looks sharper.} 29. Rd1 Bf6 30. Qf4 Be5 31. Qg5 Bf6) 29. Kh1 Kh8 (29... e5 $11 {remains equal.}) 30. Qe3 (30. Bg3 $16) 30... Nd7 $14 31. Rd1 Rf8 32. Bg3 e5 33. Qd2 d4 34. cxd4 cxd4 35. Rc1 Qd5 36. Qxa5 {Black must now prevent Qc7.} Bh6 (36... Rxf3 $11 37. gxf3 Qxf3+ 38. Kh2 Qe2+ 39. Kh1 Qf3+ 40. Kh2 Qe2+ 41. Kh1 Qf3+) 37. Rb1 ({Better is} 37. Re1 $14) 37... Rxf3 $11 {The position is equal.} 38. gxf3 Qxf3+ 39. Kh2 Qe2+ 40. Kg1 Be3+ 41. Kh1 {[#] aiming for Qd8+.} Qf3+ 42. Kh2 Qe2+ 43. Kh1 {Qd8+ is the strong threat.} Qf3+ 44. Kh2 Qe2+ {Precision: White = 58%, Black = 55%.} 1/2-1/2

[Event "Lichtenrader Herbst 2018"]
[Site "Berlin"]
[Date "2018.10.30"]
[Round "4"]
[White "Starostits, Ilmars"]
[Black "Noetzel, Felix"]
[Result "1-0"]
[WhiteElo "2454"]
[BlackElo "2216"]
[Annotator "TA"]
[PlyCount "81"]
[EventDate "2018.10.27"]
[EventType "swiss"]
[EventCountry "GER"]
[SourceTitle "playchess.com"]
[Source "ChessBase"]
[SourceQuality "1"]

{[%evp 9,81,31,40,45,58,28,51,36,40,48,66,53,77,69,97,42,43,37,37,-25,32,29,21,16,14,-119,-95,-120,29,-77,-74,-111,-66,-85,0,-11,50,41,54,58,496,497,479,484,450,352,345,337,515,505,483,488,491,493,488,491,474,447,423,416,425,429,438,442,406,344,606,598,568,544,572,565,589,577]} 1. Nf3 d5 2. d4 Nf6 3. Bg5 g6 4. c4 (4. c3 Bg7 5. Nbd2 O-O 6. e3 Nbd7 7. Be2 Re8 8. O-O e5 9. a4 a5 10. h3 c6 11. Rc1 Qe7 12. Qb3 Qe6 13. dxe5 Nxe5 14. Nxe5 Qxe5 15. Nf3 Qe7 16. c4 Be6 {0-1 (46) Kramnik,V (2808)-Mamedyarov,S (2761) Moscow 2016}) 4... Bg7 5. cxd5 Qxd5 6. Nc3 {D03: 1 d4 d5 2 Nf3 Nf6 3 Bg5, including Torre Attack with early ...d5} Qa5 7. Qd2 O-O 8. e4 {Strongly threatening b4!White is slightly better.} (8. b4 $5 {[%cal Rb4a5]} Qf5 9. Rc1 $14) 8... c5 9. d5 $146 ({Predecessor:} 9. Bxf6 exf6 10. d5 a6 11. h3 Re8 12. Qe3 {0-1 (34) Krischak,W (1773)-Neubauer,R Bad Homburg 2013}) 9... Rd8 10. Bd3 Bg4 11. O-O Nbd7 12. Rad1 (12. Nh4 $16) 12... a6 $14 13. Qe3 b5 14. Bc2 (14. a3 $14) 14... b4 (14... Nb6 $11) 15. Na4 c4 16. b3 c3 17. Nd4 (17. Rde1 $11 {remains equal.}) 17... Bxd1 $17 18. Rxd1 Qc7 ({Black should play} 18... Ng4 $17 19. Qg3 Bxd4 20. Rxd4 Ngf6) 19. h3 (19. Nc6 $1 $11 {keeps the balance.}) 19... Re8 20. Bf4 Qa7 21. Qf3 Rac8 (21... Qb7 $17 {Threatens to win with ...e5.} 22. Nc6 e6) 22. Nc6 $11 Qb7 ({Black should try} 22... Qa8 $11) 23. e5 $14 {[%mdl 1024] White has compensation.} Nh5 24. Bh2 $1 Nb6 $2 {[%mdl 8192] [#]} (24... e6 $14 25. dxe6 Nxe5 26. Nxe5 Qxf3 27. Nxf3 Rxe6) 25. Na5 $18 ({Stronger than} 25. Nc5 Qa8 $11) 25... Qa7 {Threatening ...Nxa4.} 26. Qe3 Rb8 27. Nc6 Qb7 {Black wants to play ...Nxd5!} 28. Nxb8 Nxa4 (28... Nxd5 $142 29. Rxd5 Qxd5) 29. bxa4 Rxb8 30. g4 Rd8 31. d6 ({Not} 31. gxh5 Rxd5 32. Rd4 Rxd4 $18) 31... exd6 {Black hopes to continue with ...Re8.} 32. gxh5 d5 33. hxg6 hxg6 34. Qd4 a5 35. Bf4 Qd7 36. Kg2 Qe6 37. Bg3 f6 $2 {[#]} (37... Bf8 38. f4 Be7) 38. exf6 {White is clearly winning.} Bxf6 39. Qc5 Kg7 40. Qxa5 Qe2 41. Qc7+ {Precision: White = 43%, Black = 39%.} 1-0

[Event "Lichtenrader Herbst 2018"]
[Site "Berlin"]
[Date "2018.10.30"]
[Round "4"]
[White "Biriukov, Nikolai"]
[Black "Brustkern, Juergen"]
[Result "1/2-1/2"]
[WhiteElo "2363"]
[BlackElo "2203"]
[Annotator "TA"]
[PlyCount "46"]
[EventDate "2018.10.27"]
[EventType "swiss"]
[EventCountry "GER"]
[SourceTitle "playchess.com"]
[Source "ChessBase"]
[SourceQuality "1"]

{[%evp 11,46,0,5,-33,-24,-36,-35,-44,-40,-43,-41,-40,-34,-59,-17,-21,-20,-16,-12,-22,-9,-46,-49,-63,-58,-64,-53,-75,-58,-64,-48,-48,-37,-51,-22,-121,-116]} 1. c4 f5 2. g3 Nf6 3. Bg2 d6 4. e3 e5 5. Nc3 Be7 6. d4 O-O {LiveBook: 30 Games. A21: English Opening: 1...e5 2 Nc3} 7. Nf3 e4 8. Nd2 c6 {Black is slightly better.} 9. f3 $146 {[%cal Rf3e4]} ({Predecessor:} 9. b4 Na6 10. Qb3 Be6 11. Bb2 Nc7 12. Qc2 b5 13. d5 cxd5 14. cxb5 {0-1 (27) Anurag,M (2349)-Lalith,B (2540) Kolkata 2012}) 9... d5 10. Qb3 Kh8 11. O-O Na6 {[%cal Bb8a6,Ba6c7,Bc7d5][%mdl 32]} 12. cxd5 Nxd5 13. Nxd5 cxd5 14. Nb1 Nc7 15. Bd2 b6 16. fxe4 dxe4 17. Nc3 Be6 18. Qd1 Qd7 19. Ne2 Nd5 20. Nf4 Rac8 21. Nxe6 Qxe6 22. Qb3 h5 23. Be1 (23. Rf2 $11) 23... Rc6 {Precision: White = 36%, Black = 60%.} 1/2-1/2

[Event "Lichtenrader Herbst 2018"]
[Site "Berlin"]
[Date "2018.10.30"]
[Round "4"]
[White "Glantz, Robert"]
[Black "Bruedigam, Martin"]
[Result "1/2-1/2"]
[WhiteElo "2285"]
[BlackElo "2392"]
[Annotator "TA"]
[PlyCount "34"]
[EventDate "2018.10.27"]
[EventType "swiss"]
[EventCountry "GER"]
[SourceTitle "playchess.com"]
[Source "ChessBase"]
[SourceQuality "1"]

{[%evp 17,18,31,27]} 1. e4 e5 2. Nf3 Nc6 3. Bc4 Bc5 4. c3 Nf6 5. d3 d6 6. O-O O-O 7. Nbd2 a6 8. Bb3 Ba7 9. h3 Ne7 {LiveBook: 258 Games} {Predecessor:} 10. d4 $146 exd4 11. cxd4 d5 12. e5 Ne4 13. Re1 Bf5 14. Bc2 Nxd2 15. Bxd2 Qd7 16. Rc1 c6 17. Bb4 Rfe8 {0-1 (35) Onischuk,V (2613)-Karjakin,S (2774) Almaty 2016} 1/2-1/2

[Event "Lichtenrader Herbst 2018"]
[Site "Berlin"]
[Date "2018.10.30"]
[Round "4"]
[White "Boettcher, Patrick"]
[Black "Florstedt, Johannes"]
[Result "0-1"]
[WhiteElo "2034"]
[BlackElo "2310"]
[Annotator "TA"]
[PlyCount "100"]
[EventDate "2018.10.27"]
[EventType "swiss"]
[EventCountry "GER"]
[SourceTitle "playchess.com"]
[Source "ChessBase"]
[SourceQuality "1"]

{[%evp 22,100,-9,-1,0,0,-1,0,-10,-24,-14,-20,-15,-39,-4,-48,-40,-57,-57,-57,-58,-58,-58,-58,-58,-58,-60,-58,-58,-70,-55,-70,-59,-70,-69,-73,-79,-83,-18,-51,-48,-52,-52,-53,-48,-48,-48,-52,0,-145,0,-58,-7,-52,-7,-8,0,-41,-17,-24,0,0,0,0,0,0,0,0,0,-4,0,0,0,-5193,-5077,-2048,-1461,-6111,-6103,-29965,-4133]} 1. d4 Nf6 2. c4 g6 3. Nc3 d5 4. cxd5 Nxd5 5. e4 Nxc3 6. bxc3 Bg7 7. Be3 c5 8. Qd2 cxd4 9. cxd4 Nc6 10. Nf3 {D85: Exchange Grünfeld: Unusual White 7th moves and lines with 7 Nf3} (10. Bb5 f5 11. Ne2 fxe4 12. O-O O-O 13. Rab1 Be6 14. Rfc1 Qa5 15. Qxa5 Nxa5 16. Nf4 Bf7 17. d5 Rfc8 {½-½ (31) Ivanchuk,V (2769)-Gelfand,B (2738) Istanbul 2012}) 10... Bg4 11. Bb5 O-O 12. Bxc6 $1 {LiveBook: 4 Games. The position is equal.} Bxf3 13. gxf3 bxc6 14. Rc1 Qd7 15. h4 h5 16. Rc5 $146 ({Predecessor:} 16. Rg1 Rad8 17. Ke2 Kh7 18. Rg5 Bxd4 19. Bxd4 Qxd4 20. Qxd4 Rxd4 {½-½ (20) Skalski,M (2140)-Kukla,P (2055) Krynica 2001}) 16... Rfd8 17. Ke2 Rac8 {[%cal Rg7d4]} (17... Bxd4 {looks sharper.} 18. Rd1 Bxe3 19. Qxd7 Rxd7 20. fxe3 Rxd1 21. Kxd1 Rb8) 18. Rhc1 (18. Rc4 {seems wilder.} Rb8 19. Rhc1 Rb6 20. R1c2 Ra6 21. a4) 18... Bxd4 19. Bxd4 Qxd4 20. Qxd4 Rxd4 21. Rxc6 Rxc6 22. Rxc6 $15 {[%mdl 4096] Endgame KR-KR} Ra4 23. Rc2 Kg7 24. Kf1 Kf6 25. Kg2 Ke5 26. Kg3 Ra3 27. Rd2 a6 28. Rd5+ Kf6 29. Rd2 Ra4 (29... a5 $17) 30. Kf4 Ra5 31. Kg3 Ra3 32. Kf4 a5 33. Rb2 Kg7 34. Rc2 Kf8 35. Rc8+ Kg7 36. Rc2 Ra4 (36... f6 $1 $15) 37. Kg3 Kf6 38. Kf4 Ra3 39. Rb2 e6 {[%cal Be7e6,Be6e5][%mdl 32]} 40. Rc2 e5+ 41. Kg3 a4 42. Rb2 Kg7 43. Kg2 Rc3 44. Rb4 Ra3 45. Rb2 Rd3 46. Rb4 Rd4 47. Rxd4 $4 {[%mdl 8192]} (47. Rb5 $11) 47... exd4 $19 48. f4 f6 {[%cal Bf7f6,Bf6g5][%mdl 32]} 49. Kf3 {[#]} g5 $1 {[%mdl 512]} 50. fxg5 fxg5 {Precision: White = 61%, Black = 57%.} 0-1

[Event "Lichtenrader Herbst 2018"]
[Site "Berlin"]
[Date "2018.10.31"]
[Round "5"]
[White "Stern, Rene"]
[Black "Biriukov, Nikolai"]
[Result "1-0"]
[WhiteElo "2527"]
[BlackElo "2363"]
[Annotator "TA"]
[PlyCount "81"]
[EventDate "2018.10.27"]
[EventType "swiss"]
[EventCountry "GER"]
[SourceTitle "playchess.com"]
[Source "ChessBase"]
[SourceQuality "1"]

{[%evp 23,81,62,82,0,14,0,23,23,23,23,23,13,24,25,25,16,17,17,18,18,27,24,31,0,14,0,41,23,58,12,20,15,8,0,0,0,120,121,123,126,132,131,157,139,238,251,244,229,223,230,462,419,396,284,292,269,388,388,29990,29991]} 1. Nf3 Nf6 2. c4 c5 3. Nc3 g6 4. e4 d6 5. d4 cxd4 6. Nxd4 Bg7 7. Be2 Nc6 8. Be3 O-O 9. Qd2 Nxd4 10. Bxd4 Be6 11. O-O a5 {B38: Sicilian: Maroczy Bind with 5...Bg7 and 7...0-0} 12. f3 a4 {LiveBook: 4 Games} 13. Rfd1 (13. f4 $16) (13. Rac1 Qa5 14. Rc2 Rfc8 15. b3 axb3 16. axb3 Nd7 17. Be3 Qb4 18. Rb1 Nc5 19. Nb5 Qxd2 20. Rxd2 Bd7 21. Kf2 f5 22. exf5 Bxf5 23. Rh1 Nxb3 24. Rdd1 Ra2 25. c5 dxc5 26. g4 Be6 27. Rhe1 Bc4 {0-1 (27) Sargissian,G (2702)-Li,C (2751) Huaian 2016}) 13... Qa5 $11 {The position is equal.} 14. Nd5 Nxd5 $146 ({Predecessor:} 14... Bxd5 15. cxd5 Nd7 16. Bxg7 Kxg7 17. Qd4+ Kg8 {½-½ (64) Koksal,E (1986)-Neves,P (2155) Burdur 2010}) 15. Qxa5 Rxa5 16. cxd5 Bd7 17. Rac1 Bb5 18. Bxg7 Kxg7 19. Kf2 Bxe2 20. Kxe2 {[%mdl 4096] Endgame KRR-KRR} Rb5 21. Rd2 Ra8 22. Rc7 Kf6 23. f4 h5 24. Kf3 Re8 25. g3 Rb4 26. Re2 Kg7 27. Rec2 f5 28. R7c4 fxe4+ 29. Kxe4 Rb5 (29... Rc8 $11 30. Rxb4 Rxc2) 30. Rxa4 $16 e6 31. dxe6 Rxe6+ 32. Kf3 d5 33. Rd4 Re1 (33... Kf6 $16 34. Rd3 Rc6) 34. Rcd2 $18 Ra5 35. Rxd5 Rxa2 36. Rd7+ Kh6 $2 (36... Kf6 37. Rxb7 Ra6) 37. Rxb7 {[#] Threatening mate with Rdd7.} Rf1+ 38. Ke2 Rg1 39. Kf2 {White threatens Rdd7 and mate.} Rb1 (39... Raa1 {might work better.} 40. b4 Rgd1 41. Rxd1 Rxd1) 40. Kg2 Re1 $2 {[#]} (40... Ra8 $18 41. Rdd7 Rh8) 41. Rdd7 {Precision: White = 51%, Black = 32%.} 1-0

[Event "Lichtenrader Herbst 2018"]
[Site "Berlin"]
[Date "2018.10.31"]
[Round "5"]
[White "Shishkin, Vadim"]
[Black "Glantz, Robert"]
[Result "1/2-1/2"]
[WhiteElo "2453"]
[BlackElo "2285"]
[Annotator "TA"]
[PlyCount "176"]
[EventDate "2018.10.27"]
[EventType "swiss"]
[EventCountry "GER"]
[SourceTitle "playchess.com"]
[Source "ChessBase"]
[SourceQuality "1"]

{[%evp 25,176,0,0,0,0,0,0,0,0,-26,-27,-31,-13,-31,-29,-38,-27,-27,-30,-30,-29,-39,0,0,0,0,0,7,3,-48,35,16,30,11,24,24,55,-1,13,0,12,12,12,12,12,12,15,13,16,4,17,4,4,4,5,5,9,10,13,15,15,5,5,5,5,5,6,5,8,8,9,5,5,0,0,0,5,5,7,5,6,0,9,4,4,0,9,0,0,0,0,0,8,0,0,0,0,0,0,0,0,0,0,0,0,0,0,0,0,0,59,0,0,0,0,0,0,0,0,0,0,0,0,0,0,0,0,0,0,0,0,0,0,0,0,0,0,0,0,0,0,0,0,0,0,0,0,0,0,0,0,0,0]} 1. d4 Nf6 2. c4 e6 3. Nc3 d5 4. cxd5 exd5 5. Bg5 c6 6. e3 Be7 7. Bd3 Nbd7 8. Nge2 h6 9. Bh4 {D35: Queen's Gambit Declined: Exchange Variation} Nh5 10. Bxe7 Qxe7 11. g4 (11. Qd2 Nb6 12. f3 Bd7 13. O-O O-O 14. g4 Nf6 15. Ng3 Ne8 16. Rae1 {1-0 (43) Mamedyarov,S (2766)-Adams,M (2751) Sharjah 2017 CBM 177 [Hillarp Persson,T]}) 11... Nhf6 12. h3 Nb6 13. Qc2 Bd7 {LiveBook: 3 Games} 14. O-O-O O-O-O 15. Kb1 Kb8 {[#]} 16. Nc1 $146 ({Predecessor:} 16. Ng3 g6 {0-1 (40) Levin,E (2529)-Zubritskiy,A (2396) St Petersburg 2015}) 16... g6 17. Rhe1 h5 18. f3 hxg4 19. hxg4 Rh3 20. Qg2 Rdh8 21. Bf1 Rh2 22. Qg3+ Ka8 23. Nb3 Qb4 24. Re2 $36 {[%mdl 2048] White fights for an advantage.} Rxe2 25. Bxe2 Qe7 26. Qf4 Bc8 27. e4 (27. a4 $11) 27... Be6 (27... dxe4 $15 28. fxe4 Rh3) 28. Nc5 $14 Ne8 {[%cal Bf6e8,Be8c7,Bc7e6,Be6f4][%mdl 32]} 29. Bd3 g5 30. Qg3 dxe4 31. Bxe4 (31. N3xe4 $14 Bd5 32. Qe5 Qxe5 33. dxe5) 31... Nc7 (31... Bc8 {keeps more tension.} 32. Bc2 Nd6 33. b3 Re8 34. N3e4 Nxe4 35. fxe4 Nd7) 32. Nxe6 Nxe6 33. d5 cxd5 34. Nxd5 Nxd5 35. Bxd5 Nf4 {[#] White must now prevent ...Qe2.} 36. Be4 Rd8 37. Qe1 {Bxb7+! is the strong threat.} (37. Rh1 {feels hotter.} Nd3 38. Qh2 a6 39. Qc2 Nc5 40. Bf5) 37... Kb8 38. a3 Rxd1+ 39. Qxd1 a6 40. Qd4 Ne6 41. Qe5+ Qc7 42. Qf6 Qf4 43. Qh8+ Kc7 $1 44. Qe8 {[#] Hoping for Qe7+.} Qf6 45. Bd5 Nd8 46. Qe4 Kb8 47. Qb4 Kc7 48. Qa5+ Kb8 49. Qc5 Qe5 50. Qc4 Qe7 51. Kc2 Qf6 52. Qc3 Qd6 53. Qc4 Qf6 54. a4 {[%cal Ba3a4,Ba4a5][%mdl 32]} Qe7 55. b4 Qf6 56. b5 axb5 57. Qxb5 Qe7 58. a5 Kc8 59. Kd3 Qd6 60. Qc4+ Kb8 61. Kc2 Qe7 62. a6 bxa6 63. Qxa6 Qc5+ 64. Qc4 Qe7 65. Kd3 Qf6 66. Qc5 Qg6+ 67. Ke3 Qf6 ({Black should play} 67... Qb1 $11 68. Qc3 Qb6+ 69. Kd3 Qd6) 68. Qd4 (68. Be4 $1 $14) 68... Qe7+ $11 {The position is equal.} 69. Kf2 Kc7 70. Qc4+ Kd6 71. Qb4+ Kd7 72. Qb5+ Kd6 73. Bc4 Qf6 74. Qb4+ Kd7 75. Bb5+ Ke6 76. Qc4+ Kd6 77. Qb4+ Ke6 78. Bd3 Kd7 79. Qb5+ Kd6 80. Qb6+ Ke7 81. Qc5+ Kd7 82. Bb5+ Ke6 $1 83. Bd3 {And now Bf5+ would win.} Kd7 84. Be4 Ke8 85. Bd5 Qe7 86. Qc3 f6 87. Qd3 Kf8 88. Qc4 Kg7 {Precision: White = 53%, Black = 74%.} 1/2-1/2

[Event "Lichtenrader Herbst 2018"]
[Site "Berlin"]
[Date "2018.10.31"]
[Round "5"]
[White "Florstedt, Johannes"]
[Black "Starostits, Ilmars"]
[Result "1-0"]
[WhiteElo "2310"]
[BlackElo "2454"]
[Annotator "TA"]
[PlyCount "77"]
[EventDate "2018.10.27"]
[EventType "swiss"]
[EventCountry "GER"]
[SourceTitle "playchess.com"]
[Source "ChessBase"]
[SourceQuality "1"]

{[%evp 15,77,47,62,28,32,24,38,23,41,43,26,18,31,25,112,110,87,0,52,43,18,15,46,23,25,0,97,68,269,273,395,387,418,427,408,383,389,372,362,346,661,654,993,987,972,958,1051,871,813,0,1006,871,866,863,843,841,1072,1064,1043,1016,1539,917,1156,666]} 1. e4 c6 2. d4 d5 3. e5 Bf5 4. h4 h6 5. g4 Bd7 6. Nc3 {B12: Caro-Kann (Vorstoß-Variante)} (6. Be3 Qb6 7. Nd2 e6 8. Nb3 Na6 9. h5 c5 10. dxc5 Nxc5 11. Nf3 Qc7 12. c3 b6 13. Nbd4 a6 {½-½ (56) Nepomniachtchi,I (2767)-Dreev,A (2652) Doha 2016}) 6... c5 7. dxc5 e6 8. Be3 Qc7 {LiveBook: 5 Partien} 9. f4 Bxc5 10. Qd2 $146 ({Vorgänger:} 10. Bxc5 Qxc5 11. Qd2 Nc6 12. O-O-O O-O-O 13. Kb1 Nge7 {1-0 (34) Spyropoulos,N (2293)-Sotiropoulos,A (1834) Rio Achaea 2018}) 10... Bxe3 11. Qxe3 h5 12. gxh5 Ne7 13. Bd3 Rxh5 14. O-O-O a6 (14... Qb6 $11 15. Qxb6 axb6) 15. Nf3 $16 Nbc6 16. Ng5 ({Besser ist} 16. Qg1 $16) 16... Rh8 ({Günstiger ist} 16... Nb4 $11) 17. Ne2 Nb4 18. Kb1 Nxd3 19. cxd3 Nf5 20. Qf2 Bb5 {[#]} (20... Rc8 $11) 21. Ng3 $1 Nxh4 $2 (21... Nxg3 $14 22. Qxg3 Qe7) 22. f5 $18 Qe7 (22... Rh6 {ist eine bessere Verteidigung.}) 23. Qf4 Ng2 24. Rxh8+ Kd7 25. Qf2 ({Lieber nicht} 25. fxe6+ fxe6 26. Qd4 (26. Qf7 $2 Rxh8 27. a4 Qxf7 $19) 26... Rxh8 $11) 25... Rxh8 {[#]} 26. f6 $1 {[%cal Rf6e7]} gxf6 27. exf6 Qb4 $2 (27... Qf8 28. Qxg2 Qg8) 28. Nxf7 (28. Qxg2 Qg4 $16) 28... Rc8 {beabsichtigt ...Df4.} 29. Ne5+ ({Schwächer ist} 29. Qxg2 Bxd3+ 30. Ka1 Rc2 $18) 29... Kd6 30. d4 (30. Qxg2 Kxe5 31. Nh5 Qh4 $18) 30... Nh4 31. Qf4 Ng2 32. Qf2 Nh4 $1 33. Qh2 {Weiß steht klar auf Gewinn.} Kc7 34. Qxh4 Kb6 35. Qf4 Ba4 36. Rc1 Rh8 37. Nd3 Qb5 38. Qc7+ Ka7 39. Qc5+ {Precision: Weiß = 64%, Schwarz = 33%.} 1-0